| 000 | 01015nas a2200337 4500 | ||
|---|---|---|---|
| 001 | BR0302381 | ||
| 003 | BR-BrBNA | ||
| 005 | 20231205103759.0 | ||
| 007 | ta | ||
| 008 | 230509b bl.|||p| |||| 00| 00por d | ||
| 040 |
_aBR-BrBNA _bpor _cBiblioteca Nacional de Agricultura |
||
| 041 | _a(Pt) | ||
| 072 | _aP40 | ||
| 100 | 1 | _aHernandez, F.B.T. | |
| 100 | 1 | _aSouza, S.A.V. de | |
| 100 | 1 | _aZocoler, J.L. | |
| 100 | 1 | _aFrizzone, J.A. | |
| 245 | 1 | _aSimulação e efeito de veranicos em culturas desenvolvidas na região de Palmeira D'Oeste, Estado de São Paulo | |
| 650 | _aCULTIVO ANUAL | ||
| 650 | _aCULTIVO PERENE | ||
| 650 | _aVERANICO | ||
| 650 | _aSIMULADOR DE CHUVA | ||
| 650 | _aPRODUTIVIDADE | ||
| 650 | _aDEFICIÊNCIA HÍDRICA | ||
| 650 | _aIRRIGAÇÃO | ||
| 650 | _aPLANEJAMENTO | ||
| 650 | _aSÃO PAULO | ||
| 773 | 0 |
_tEngenharia Agrícola (Brazil) _xISSN 0100-6916 _g(Jan-Abr 2003), v. 23(1) p. 21-30 _wBR0302381 |
|
| 909 |
_a202311 _bLúcia _c55 _dLúcia Elande |
||
| 942 |
_2AGRIS _n0 _cANA |
||
| 999 |
_c174697 _d174697 |
||